বাংলার ইতিহাস : (Record no. 80024)
[ view plain ]
| 000 -LEADER | |
|---|---|
| fixed length control field | 00932nam a2200265 a 4500 |
| 001 - CONTROL NUMBER | |
| control field | 80024 |
| 003 - CONTROL NUMBER IDENTIFIER | |
| rucl marc code | BD-RjUL |
| 005 - DATE AND TIME OF LATEST TRANSACTION | |
| control field | 20220622162159.0 |
| 008 - FIXED-LENGTH DATA ELEMENTS--GENERAL INFORMATION | |
| fixed length control field | 220622s2022 bg ||||| |||| 00| 0 ben d |
| 020 ## - INTERNATIONAL STANDARD BOOK NUMBER | |
| International Standard Book Number | 9847000004666 |
| 035 ## - SYSTEM CONTROL NUMBER | |
| System control number | (BD-RjUL)80024 |
| 040 ## - CATALOGING SOURCE | |
| Original cataloging agency | BD-RjUL |
| Language of cataloging | eng |
| Transcribing agency | BD-RjUL |
| 041 ## - LANGUAGE CODE | |
| Language code of text/sound track or separate title | eng |
| 082 ## - DEWEY DECIMAL CLASSIFICATION NUMBER | |
| Edition number | 23 |
| Classification number | 954.92 |
| Author mark and year | KAB 2022 |
| 100 ## - MAIN ENTRY--PERSONAL NAME | |
| Personal name | করিম, আবদুল |
| 9 (RLIN) | 1262 |
| 245 ## - TITLE STATEMENT | |
| Title | বাংলার ইতিহাস : |
| Remainder of title | সমাজ ও রাজনীতি / |
| Statement of responsibility, etc. | আবদুল করিম |
| 260 ## - PUBLICATION, DISTRIBUTION, ETC. (IMPRINT) | |
| Name of publisher, distributor, etc. | 9847000004666 |
| 264 ## - PRODUCTION, PUBLICATION, DISTRIBUTION, MANUFACTURE, AND COPYRIGHT NOTICE | |
| Place of production, publication, distribution, manufacture | ঢাকা : |
| Name of producer, publisher, distributor, manufacturer | জাতীয় সাহিত্য প্রকাশ, |
| Date of production, publication, distribution, manufacture, or copyright notice | ২০২২ |
| 300 ## - PHYSICAL DESCRIPTION | |
| Pagination | ৪৪৬ পৃ.; |
| Size | ২২ সেমি. |
| 650 ## - SUBJECT ADDED ENTRY--TOPICAL TERM | |
| Topical term or geographic name as entry element | বাংলাদেশ |
| General subdivision | ইতিহাস |
| Topical term or geographic name as entry element | Bangladesh |
| General subdivision | History. |
| Topical term or geographic name as entry element | বাংলার |
| General subdivision | ইতিহাস |
| 9 (RLIN) | 3831 |
| Topical term or geographic name as entry element | Bengal |
| General subdivision | history |
| 9 (RLIN) | 3832 |
| 942 ## - ADDED ENTRY ELEMENTS (KOHA) | |
| Source of classification or shelving scheme | Dewey Decimal Classification |
| Koha item type | Books |
| Lost status | Source of classification or shelving scheme | Damaged status | Not for loan | Collection code | Permanent Location | Current Location | Shelving location | Date acquired | Source of acquisition | Cost, normal purchase price | Total Checkouts | Full call number | Date last seen | Copy number | Koha item type | Date checked out |
|---|---|---|---|---|---|---|---|---|---|---|---|---|---|---|---|---|
| Dewey Decimal Classification | Not For Loan | Non-fiction | Central Library, University of Rajshahi | Central Library, University of Rajshahi | Reading Room | 17/04/2022 | Jatiya Sahitya Prakash, Dhaka | 455.00 | B 954.92 KAB 2022 | 22/06/2022 | C-1 | Books | ||||
| Dewey Decimal Classification | Non-fiction | Central Library, University of Rajshahi | Central Library, University of Rajshahi | General Stacks | 17/04/2022 | Jatiya Sahitya Prakash, Dhaka | 455.00 | 14 | B 954.92 KAB 2022 | 16/04/2026 | C-2 | Books | 08/04/2026 |